Balzac & the novel.

Bibliographic Details
Main Author: Rogers, Samuel, 1894-
Format: Book
Language:English
Published: Madison : University of Wisconsin Press, 1953.
Subjects:

MARC

Tag First Indicator Second Indicator Subfields
LEADER 00000cam a2200000 4500
001 in00000033987
005 20151007063403.0
008 740606s1953 wiu b 00000 eng u
010 |a  53010881  
035 |a (OCoLC)00909310 
035 |9 AAD7280AM 
040 |c HEI  |d TXA  |d UtOrBLW 
049 |a TXAM  |c [222487] 
050 0 0 |a PQ2181  |b .R6 
082 0 |a 843/.73 
092 |a 843  |b B198Yr 
100 1 |a Rogers, Samuel,  |d 1894- 
245 1 0 |a Balzac & the novel. 
264 1 |a Madison :  |b University of Wisconsin Press,  |c 1953. 
300 |a 206 pages ;  |c 23 cm. 
336 |a text  |b txt  |2 rdacontent 
337 |a unmediated  |b n  |2 rdamedia 
338 |a volume  |b nc  |2 rdacarrier 
504 |a Includes bibliography. 
600 1 0 |a Balzac, Honoré de,  |d 1799-1850. 
999 |a MARS 
999 f f |s 9fcdb9b2-8961-3287-90e6-c95ef260e58d  |i d298f04a-d03d-3cf2-bea3-d15c5981d2a7  |t 0 
952 f f |p ric  |a Texas A&M University  |b Rellis Campus  |c Joint Library Facility  |d Remote Storage  |t 0  |e PQ2181 .R6  |h Library of Congress classification  |i unmediated -- volume  |m A14801367046 
998 f f |a PQ2181 .R6  |t 0  |l Remote Storage